书目信息 |
| 题名: |
表观遗传学实验手册
|
|
| 作者: | 托尔夫波 著 ;吴超群 , 薛京伦 , 黄蔚 译 | |
| 分册: | ||
| 出版信息: | 上海 上海科学技术出版社 2007.08 |
|
| 页数: | 377页 | |
| 开本: | 21cm | |
| 丛书名: | ||
| 单 册: | ||
| 中图分类: | Q344-33 | |
| 科图分类: | ||
| 主题词: | 发育遗传学--fa yu yi chuan xue--实验--手册 | |
| 电子资源: | ||
| ISBN: | 978-7-5323-8880-6 | |
| 000 | 01202nam0 2200301 450 | |
| 001 | 012008061367 | |
| 005 | 20080107171551.39 | |
| 010 | @a978-7-5323-8880-6@b精装@dCNY45.00 | |
| 100 | @a20080107d2007 em y0chiy0120 ea | |
| 101 | 1 | @achi@ceng |
| 102 | @aCN@b310000 | |
| 105 | @aa z 000yy | |
| 106 | @ar | |
| 200 | 1 | @a表观遗传学实验手册@Abiao guan yi chuan xue shi yan shou ce@f(美) Trygve O. Tollefsbol著@F(mei)Trygve O.Tollefsbol zhu@g吴超群 ... [等] 译@Gwu chao qun...[deng]yi |
| 210 | @a上海@c上海科学技术出版社@d2007.08 | |
| 215 | @a377页@c图@d21cm | |
| 304 | @a题名页题 : 吴超群, 薛京伦, 黄蔚, 旺旭等译。 | |
| 312 | @a英文并列题名取自封面。 | |
| 330 | @a本书主要内容涵盖:染色质重塑分析的相关技术、表观遗传学范畴内迅速发展和有希望的领域中各种方法、与DNA甲基化以及这种修饰的作用相关的最新技术分析等。 | |
| 500 | 10 | @aEpigenetics protocols@mChinese |
| 606 | 0 | @a发育遗传学@Afa yu yi chuan xue@x实验@j手册 |
| 690 | @aQ344-33@v4 | |
| 701 | 1 | @a托尔夫波@Atuo er fu bo@g(Tollefsbol, Trygve O.)@4著 |
| 702 | 0 | @a吴超群@Awu chao qun@4译 |
| 702 | 0 | @a薛京伦@Axue jing lun@4译 |
| 702 | 0 | @a黄蔚@Ahuang wei@4译 |
| 801 | 0 | @aCN@bQSSK@c20080107 |
| 905 | @b275843-44@dQ344-33@eT950@f2 | |
| 表观遗传学实验手册/(美) Trygve O. Tollefsbol著/吴超群 ... [等] 译.-上海:上海科学技术出版社,2007.08 |
| 377页:图;21cm |
| ISBN 978-7-5323-8880-6(精装):CNY45.00 |
| 本书主要内容涵盖:染色质重塑分析的相关技术、表观遗传学范畴内迅速发展和有希望的领域中各种方法、与DNA甲基化以及这种修饰的作用相关的最新技术分析等。 |
| ● |
| 相关链接 |
|
|
|
正题名:表观遗传学实验手册
索取号:Q344-33/T950
 
预约/预借
| 序号 | 登录号 | 条形码 | 馆藏地/架位号 | 状态 | 备注 |
| 1 | 275843 | 202758435 | 自科库401/401自科库 27排3列3层/ [索取号:Q344-33/T950] | 在馆 | |
| 2 | 275844 | 202758444 | 自科库401/401自科库 27排3列3层/ [索取号:Q344-33/T950] | 在馆 |